The sun does shine : (Record no. 233799)
[ view plain ]
| 000 -LEADER | |
|---|---|
| fixed length control field | 01895cam a2200433 i 4500 |
| 001 - CONTROL NUMBER | |
| control field | on1037271814 |
| 003 - CONTROL NUMBER IDENTIFIER | |
| control field | OCoLC |
| 005 - DATE AND TIME OF LATEST TRANSACTION | |
| control field | 20180611151821.0 |
| 008 - FIXED-LENGTH DATA ELEMENTS--GENERAL INFORMATION | |
| fixed length control field | 180524r20182018nyu 000 0deng d |
| 010 ## - LIBRARY OF CONGRESS CONTROL NUMBER | |
| LC control number | bl2018086908 |
| 020 ## - INTERNATIONAL STANDARD BOOK NUMBER | |
| International Standard Book Number | 9781250205797 |
| Qualifying information | (hardcover) |
| 020 ## - INTERNATIONAL STANDARD BOOK NUMBER | |
| International Standard Book Number | 1250205794 |
| Qualifying information | (hardcover) |
| 035 ## - SYSTEM CONTROL NUMBER | |
| System control number | 1189633 |
| 040 ## - CATALOGING SOURCE | |
| Original cataloging agency | GCmBT |
| Language of cataloging | eng |
| Transcribing agency | PCX |
| Description conventions | rda |
| Modifying agency | PCX |
| -- | OCLCO |
| -- | TnLvILS |
| 043 ## - GEOGRAPHIC AREA CODE | |
| Geographic area code | n-us--- |
| -- | n-us-al |
| 050 ## - LIBRARY OF CONGRESS CALL NUMBER | |
| Classification number | 364.6 |
| 082 ## - DEWEY DECIMAL CLASSIFICATION NUMBER | |
| Classification number | 364.6 |
| 092 ## - LOCALLY ASSIGNED DEWEY CALL NUMBER (OCLC) | |
| Classification number | 364.6 |
| 100 1# - MAIN ENTRY--PERSONAL NAME | |
| Personal name | Hinton, Anthony Ray, |
| Relator term | author. |
| 9 (RLIN) | 5747239 |
| 245 14 - TITLE STATEMENT | |
| Title | The sun does shine : |
| Remainder of title | how I found life and freedom on death row / |
| Statement of responsibility, etc | Anthony Ray Hinton, with Lara Love Hardin ; and a foreword by Bryan Stevenson. |
| 250 ## - EDITION STATEMENT | |
| Edition statement | Oprah's Book Club edition. |
| 264 #1 - Production, Publication, Distribution, Manufacture, and Copyright Notice. | |
| Place of production, publication, distribution, manufacture | New York : |
| Name of producer, publisher, distributor, manufacturer | St. Martin's Press, |
| Date of production, publication, distribution, manufacture, or copyr | 2018. |
| 300 ## - PHYSICAL DESCRIPTION | |
| Extent | xii, 269 pages ; |
| Dimensions | 25 cm. |
| 336 ## - Content Type | |
| Content type term | text |
| 337 ## - Media type | |
| Media type term | unmediated |
| 338 ## - Carrier type | |
| Carrier type term | volume |
| 520 ## - SUMMARY, ETC. | |
| Summary, etc | A man who spent thirty years on death row for a crime he did not commit describes how he became a victim of a flawed legal system, recounting the years he shared with fellow inmates who were eventually executed before his exoneration. |
| 600 10 - SUBJECT ADDED ENTRY--PERSONAL NAME | |
| Personal name | Hinton, Anthony Ray |
| General subdivision | Trials, litigation, etc. |
| 9 (RLIN) | 5744165 |
| 650 #0 - SUBJECT ADDED ENTRY--TOPICAL TERM | |
| Topical term or geographic name as entry element | Trials (Murder) |
| Geographic subdivision | Alabama |
| -- | Bessemer. |
| 9 (RLIN) | 5744166 |
| 650 #0 - SUBJECT ADDED ENTRY--TOPICAL TERM | |
| Topical term or geographic name as entry element | Mistaken identity |
| Geographic subdivision | United States. |
| 9 (RLIN) | 5744167 |
| 650 #0 - SUBJECT ADDED ENTRY--TOPICAL TERM | |
| Topical term or geographic name as entry element | Death row |
| Geographic subdivision | Alabama |
| -- | Bessemer. |
| 9 (RLIN) | 5744168 |
| 650 #0 - SUBJECT ADDED ENTRY--TOPICAL TERM | |
| Topical term or geographic name as entry element | Capital punishment |
| Geographic subdivision | United States. |
| 9 (RLIN) | 100579 |
| 650 #0 - SUBJECT ADDED ENTRY--TOPICAL TERM | |
| Topical term or geographic name as entry element | Death row inmates |
| Geographic subdivision | United States. |
| 9 (RLIN) | 5744169 |
| 650 #0 - SUBJECT ADDED ENTRY--TOPICAL TERM | |
| Topical term or geographic name as entry element | Compensation for judicial error |
| Geographic subdivision | United States. |
| 9 (RLIN) | 5744170 |
| 700 1# - ADDED ENTRY--PERSONAL NAME | |
| Personal name | Hardin, Lara Love, |
| Relator term | author. |
| 9 (RLIN) | 5747240 |
| 775 08 - OTHER EDITION ENTRY | |
| Display text | Reproduction of (manifestation): |
| Main entry heading | Hinton, Anthony Ray. |
| Title | Sun does shine |
| Place, publisher, and date of publication | New York : St. Martin's Press, 2018 |
| Record control number | (DLC) 2017044467. |
| 907 ## - LOCAL DATA ELEMENT G, LDG (RLIN) | |
| a | .b396402136 |
| 942 ## - ADDED ENTRY ELEMENTS (KOHA) | |
| Source of classification or shelving scheme | Dewey Decimal Classification |
| Koha item type | BOOK |
| Withdrawn status | Lost status | Source of classification or shelving scheme | Damaged status | Not for loan | Collection code | Home library | Current library | Shelving location | Date acquired | Source of acquisition | Total Checkouts | Total Renewals | Full call number | Barcode | Date last seen | Date checked out | Cost, replacement price | Price effective from | Koha item type |
|---|---|---|---|---|---|---|---|---|---|---|---|---|---|---|---|---|---|---|---|
| Dewey Decimal Classification | General NonFiction | Wasatch County Library | Wasatch County Library | Second Floor | 05/07/2021 | Donation | 5 | 8 | 364.6 Hin | 34301001813544 | 03/03/2026 | 12/20/2023 | 26.99 | 05/07/2021 | BOOK | ||||
| Dewey Decimal Classification | General NonFiction | Wasatch County Library | Wasatch County Library | Second Floor | 08/17/2023 | Amazon | 3 | 1 | 364.6 Hinton | 34301002036517 | 03/03/2026 | 10/30/2023 | 27.99 | 08/17/2023 | BOOK | ||||
| Dewey Decimal Classification | General NonFiction | Wasatch County Library | Wasatch County Library | Second Floor | 08/17/2023 | Amazon | 2 | 3 | 364.6 Hinton | 34301002036442 | 03/03/2026 | 10/20/2025 | 18.99 | 08/17/2023 | BOOK |
